[Event "IRI-ch U16"]
[Site "Chess.com INT"]
[Date "2021.01.16"]
[Round "10"]
[White "Hasan Poor, Mohammad Pooya"]
[Black "Mousavi Dodji, Seyed Ali"]
[Result "1-0"]
[WhiteElo "1391"]
[BlackElo "1006"]
[PlyCount "89"]
[EventDate "2021.01.16"]
[EventType "swiss"]
[EventRounds "11"]
[EventCountry "IRI"]
[SourceTitle "EXT 2022"]
[Source "ChessBase"]
[SourceDate "2021.10.06"]
[SourceVersion "1"]
[SourceVersionDate "2021.10.06"]
[SourceQuality "1"]

1. d4 Nf6 2. Bf4 Nc6 3. e3 d5 4. Nf3 e5 5. Nxe5 Bf5 6. Bb5 Bb4+ 7. c3 0-0 8. Bxc6 bxc6 9. cxb4 Qd6 10. Nd3 Qd7 11. 0-0 h6 12. Nc5 Qe7 13. Nd2 g5 14. Be5 Ne4 15. Ndxe4 dxe4 16. Qh5 Kh7 17. f4 Bg6 18. Qg4 f5 19. Qg3 Bh5 20. fxg5 hxg5 21. a3 Be2 22. Rf2 Bh5 23. Rc2 a6 24. Rac1 Ra7 25. Nb3 Re8 26. Rxc6 Rf8 27. Rxc7 f4 28. Rxe7+ Rxe7 29. exf4 gxf4 30. Bxf4 Rg8 31. Qh4 Rg4 32. Qxh5+ Kg8 33. Qxg4+ Rg7 34. Qxg7+ Kxg7 35. Re1 Kg6 36. Rxe4 Kf5 37. Nd2 Kg4 38. d5 Kf5 39. d6 a5 40. bxa5 Kf6 41. d7 Kf5 42. a6 Kg4 43. h3+ Kh4 44. d8Q+ Kh5 45. Qg5# 1-0

[Event "IRI-ch U16"]
[Site "Chess.com INT"]
[Date "2021.01.16"]
[Round "2"]
[White "Mousavi Dodji, Seyed Ali"]
[Black "Zaheri, Mehran"]
[Result "1-0"]
[WhiteElo "1006"]
[BlackElo "1662"]
[PlyCount "63"]
[EventDate "2021.01.16"]
[EventType "swiss"]
[EventRounds "11"]
[EventCountry "IRI"]
[SourceTitle "EXT 2022"]
[Source "ChessBase"]
[SourceDate "2021.10.06"]
[SourceVersion "1"]
[SourceVersionDate "2021.10.06"]
[SourceQuality "1"]

1. d4 Nf6 2. c4 g6 3. Nc3 d5 4. cxd5 Nxd5 5. e4 Nxc3 6. bxc3 Bg7 7. Bc4 c5 8. Ne2 Nc6 9. Be3 cxd4 10. cxd4 b5 11. Bd5 Bb7 12. Qb3 Qb6 13. Bxf7+ Kf8 14. 0-0 Na5 15. Qe6 Qxe6 16. Bxe6 Bxe4 17. Rac1 Bd3 18. Rfe1 Bc4 19. Nf4 g5 20. Nd5 h6 21. Nc7 Rb8 22. Bd2 Nc6 23. Bxc4 bxc4 24. Ne6+ Kf7 25. Nxg7 Kxg7 26. Rxc4 Rhc8 27. d5 Nd8 28. Rxe7+ Kf6 29. Rxc8 Rxc8 30. Rxa7 Rc2 31. Be3 Rb2 32. Bd4+ 1-0